00538nam a2200133Ia 4500008004100000100001900041245005400060260004000114300000800154650001800162942001200180999001500192952019700207191201s2015 xx 000 0 und d aHALFEND, Lewis 0aWorld War Two: Under the Shadow of the Swastika  bKalyani Navyug Media Pvt Ltdc2015 a173 aGeneral Books 2ddccBK c6791d6791 00102ddc40708GENERALaPIETbPIETd2020-07-21eKalyani Nav yug Media Pvt Ltd.g499.00k271l2o940.53 HAWp30332r2025-04-17 00:00:00s2025-04-04v274.45w2018-08-31yBKzStories and Novels